000 00751nam a2200217 a 4500
001 BRCA_2196
005 20190320203717.0
008 020805s1971----mx-a---###---#000-0#spa-d
050 4 _aND673
_b.M39 1971
100 1 _aMaza, Francisco de la
_d1913-1972
_9278
245 1 0 _aEl pintor Martín de Vos en México
_cFrancisco de la Maza.
260 _aMéxico
_bUNAM, Instituto de Investigaciones Estéticas
_c1971
300 _a79 p.
_bil. (algunas a color)
_c23 cm.
440 0 _aEstudios y fuentes del arte en México
_n29
_96620
504 _aBibliografía : p. [80-81]
600 1 4 _aVos, Martín de
_d1532-1603
_96621
650 1 4 _aPintura flamenca
_ySiglo XV-XIX
_96622
650 1 4 _aPintores
_92497
650 1 4 _aArte en México
_96623
942 _2lcc
_cB
999 _c1952
_d1952